000 00726nam a2200229Ia 4500
001 13576
003 GE_BSU
008 181216s||||||||xx |||||||||||||| ||und||
040 _cGE_BSU
080 _a541.1(035)
100 _aМусакин,А.П. Рачинский,Ф.Ю. Суглобова,К.Д.
245 _aОборудование химических лаборатории.
245 _bСправочник.
245 _cРед.: В.А.Коц, Н.Р.Либерман.
260 _aЛ.
260 _bХимия.
260 _c1978.
300 _a480 стр. 22 см.
300 _e233 табл. 157 рис.
653 _aОборудование химических лаборатории.
942 _cBK
999 _c46732
_d46732